Licensing in the private rented sector (Record no. 104902)

MARC details
000 -LEADER
fixed length control field 01629cam a2200229 4500
001 - CONTROL NUMBER
control field ##L131921
008 - FIXED-LENGTH DATA ELEMENTS--GENERAL INFORMATION
fixed length control field 051215n2004 000 0 eng u
035 ## - SYSTEM CONTROL NUMBER
System control number (Sirsi) u131921
041 0# - LANGUAGE CODE
Language code of text/sound track or separate title eng
050 04 - LIBRARY OF CONGRESS CALL NUMBER
Classification number 306.026 $2 18
110 1# - MAIN ENTRY--CORPORATE NAME
Corporate name or jurisdiction name as entry element United Kingdom
Subordinate unit Office of the Deputy Prime Minister
245 00 - TITLE STATEMENT
Title Licensing in the private rented sector
Remainder of title consultation on the implementation of HMO licensing - regulatory impact assessment Housing Bill Part II
-- HMO licensing
260 ## - PUBLICATION, DISTRIBUTION, ETC.
Place of publication, distribution, etc. London
Name of publisher, distributor, etc. ODPM
Date of publication, distribution, etc. 2004
300 ## - PHYSICAL DESCRIPTION
Extent 148p.
Dimensions 30cm.
520 ## - SUMMARY, ETC.
Summary, etc. Consultation paper concentrating on measures to license Houses in Multiple Occupation (HMOs) and the secondary legislation needed to implement these in England. Seeks to explain government's proposals for licensing in the private sector generally and details the measures being taken to license HMOs and invites comment on how these powers should be implemented. Accompanied by a draft regulatory impact assessment which reviews the impacts expected from the HMO licensing provisions in the Housing Bill 2004.
650 24 - SUBJECT ADDED ENTRY--TOPICAL TERM
Topical term or geographic name entry element HOUSING ACT 2004 PART II
651 #4 - SUBJECT ADDED ENTRY--GEOGRAPHIC NAME
Geographic name England
Chronological subdivision 886-
690 ## - LOCAL SUBJECT ADDED ENTRY--TOPICAL TERM (OCLC, RLIN)
Topical term or geographic name as entry element PROPERTY-RESIDENTIAL PROPERTY-RESIDENTIAL LANDLORD AND TENANT-RESIDENTIAL LANDLORD AND TENANT REFORM
856 ## - ELECTRONIC LOCATION AND ACCESS
Uniform Resource Identifier <a href="http://web.archive.org/web/20060320230434/http://www.odpm.gov.uk/index.asp?id=1157190">http://web.archive.org/web/20060320230434/http://www.odpm.gov.uk/index.asp?id=1157190</a>
Public note Summary of consultation responses on the web archive
856 ## - ELECTRONIC LOCATION AND ACCESS
Uniform Resource Identifier <a href="http://web.archive.org/web/20060320230436/http://www.odpm.gov.uk/pub/248/LicensinginthePrivateRentedSectorImplementationofHMOLicensingPDF798Kb_id1157248.pdf">http://web.archive.org/web/20060320230436/http://www.odpm.gov.uk/pub/248/LicensinginthePrivateRentedSectorImplementationofHMOLicensingPDF798Kb_id1157248.pdf</a>
Public note 152 page consultation on the web archive
942 ## - ADDED ENTRY ELEMENTS (KOHA)
Suppress in OPAC 0
Source of classification or shelving scheme Dewey Decimal Classification
Holdings
Withdrawn status Lost status Source of classification or shelving scheme Damaged status Not for loan Home library Current library Shelving location Date acquired Total Checkouts Full call number Date last seen Copy number Price effective from Koha item type
    Dewey Decimal Classification     Virtual Virtual Online 20/06/2006   ONLINE PUBLICATION 11/06/2024 1 06/08/2019 Online material